Name a valid animal - with exceptions - Statistics

General Stats
  • This quiz has been taken 119 times
  • The average score is 4 of 10
Answer Stats
Hint Answer % Correct
Animals with tusks - except elephants Narwhal, walrus, hippopotamus, warthog, wild boar
95%
Marine mammals - except whales, dolphins and seals Dugong, manatee, sea otter, polar bear
64%
Animals that frequently use tools - except primates Raven, crow, dolphin, elephant, sea otter, octopus
44%
Members of the subfamily Capreolinae, or, not quite correct, "new world deer" (in German they are called "Trughirsch", roughly translated to "false deer") - except for those only living in the Americas Roe, moose, reindeer, water deer
42%
Mammals endemic to Madagascar - except Lemurs Fossa, fanalouc, Malagasy civet, tenrec
27%
Venomous mammals - except platypus Solenodon, shrew, slow loris, vampire bat, European mole
26%
Birds of the family corvidae native to Europe - except ones with "raven" or "crow" in the name Jackdaw, rook, magpie, Eurasian jay, spotted nutcracker, Alpine chough, red-billed chough
24%
Animals closest related to the African elephant (clade paenungulata) - except other elephants Dugong, manatee, hyrax
22%
Domesticated animals - except vertebrates and animals purely held as a pet Silk moth, honey bee, leech, water flea, snail, oyster, mussel
19%
Human-introduced neobiota that grew to a formidable plague (dating 2020) - except rabbits and rats Cane toad, muskrat, nile perch, red deer, feral pig, hybrid bee
9%
No matching quizzes found
Score Distribution
Percent of People with Each Score
Percentile by Number Answered
Your Score History
You have not taken this quiz